Agri med. (Record no. 3624)
[ view plain ]
| 000 -LEADER | |
|---|---|
| fixed length control field | 00944nac a22001931u 4500 |
| 082 ## - DEWEY DECIMAL CLASSIFICATION NUMBER | |
| Classification number | 338.1 |
| 090 ## - LOCALLY ASSIGNED LC-TYPE CALL NUMBER (OCLC); LOCAL CALL NUMBER (OCLC) | |
| -- | 3624 |
| -- | 3624 |
| 100 ## - MAIN ENTRY--PERSONAL NAME | |
| Personal name | 20080729 |
| 110 ## - MAIN ENTRY--CORPORATE NAME | |
| Corporate name or jurisdiction name as entry element | 769;diterrane& |
| -- | 769;ennes. |
| -- | CIHEAM. Centre international de hautes e& |
| -- | 769;tudes agronomiques me& |
| 245 ## - TITLE STATEMENT | |
| Title | Agri med. |
| Remainder of title | 769;enne. Rapport annuel |
| -- | 769;diterrane& |
| -- | 769;veloppement rural durable dans la re& |
| -- | 770;che, alimentation et de& |
| -- | Agriculture, pe& |
| -- | 769;gion me& |
| Statement of responsibility, etc | CIHEAM |
| Name of part/section of a work | 2004 : / |
| 260 ## - PUBLICATION, DISTRIBUTION, ETC. (IMPRINT) | |
| Place of publication, distribution, etc | Montpellier : |
| Name of publisher, distributor, etc | 769;diterrane& |
| -- | 769;en de Montpellier, 2004 |
| -- | IAMM. Institut agronomique me& |
| Date of publication, distribution, etc | 2004 |
| 300 ## - PHYSICAL DESCRIPTION | |
| Extent | 276 p. ; |
| Dimensions | 23 cm. |
| 500 ## - GENERAL NOTE | |
| General note | Donations |
| 500 ## - GENERAL NOTE | |
| General note | Donations-Bibliotheca Alexandrina |
| 504 ## - BIBLIOGRAPHY, ETC. NOTE | |
| Bibliography, etc | Bibliography:p. 265-276 |
| 650 ## - SUBJECT ADDED ENTRY--TOPICAL TERM | |
| Topical term or geographic name as entry element | Economic development - Agriculture. |
| 942 ## - ADDED ENTRY ELEMENTS (KOHA) | |
| Item type | Book - Borrowing |
| Call number prefix | 338.1 |
| Withdrawn status | Item status | Source of classification or shelving scheme | Damaged status | Not for loan | Home library | Current library | Shelving location | Date acquired | Source of acquisition | Total Checkouts | Full call number | Barcode | Date last seen | Koha item type |
|---|---|---|---|---|---|---|---|---|---|---|---|---|---|---|
| Dewey Decimal Classification | Central Library | Central Library | First floor | 02/05/2007 | Purchase | 338.1 AGR | 000030114 | 15/07/2025 | Book - Borrowing |